000 00800nam a2200181 a 4500
001 BRCA_244
005 20190320202931.0
008 930427s1991 mx-#---##b---#000-0#spa-d
050 4 _aZ1426.2
_b.C46 1991
245 1 0 _aFondos del siglo XIX que se conservan hasta la fecha en el Archivo Histórico del Centro de Estudios de Historia de México Condumex
_blista en orden cronológico desde 1822 hasta 1901
_ccompilación por Josefina Miguel Flores.
260 _aChimalistac, Ciudad de México
_bCentro de Estudios de Historia de México Condumex (CARSO)
_c1991
300 _a38 p.
_c21 cm.
650 1 4 _aManuscritos mexicanos
_vCatálogos
_zMéxico
_9848
651 4 _aMéxico
_vFuentes
_xHistoria
_ySiglo XIX
_9849
653 0 _aAcervo - CONDUMEX - CARSO
700 1 _aMoguel, Josefina
_9738
942 _2lcc
_cB
999 _c200
_d200